| 000 -LEADER |
| fixed length control field |
01039nam a2200241Ia 4500 |
| 001 - CONTROL NUMBER |
| control field |
10498 |
| 003 - CONTROL NUMBER IDENTIFIER |
| control field |
GE_BSU |
| 008 - FIXED-LENGTH DATA ELEMENTS--GENERAL INFORMATION |
| fixed length control field |
181216s||||||||xx |||||||||||||| ||und|| |
| 040 ## - CATALOGING SOURCE |
| Transcribing agency |
GE_BSU |
| 080 ## - UNIVERSAL DECIMAL CLASSIFICATION NUMBER |
| Universal Decimal Classification number |
821.353.1–3 |
| 100 ## - MAIN ENTRY--PERSONAL NAME |
| Personal name |
გოთუა,ლევან |
| 245 ## - TITLE STATEMENT |
| Title |
ქართული პროზა. წიგნი 33.ლევან გოთუა:გმირთა ვარამი წ.3 |
| 245 ## - TITLE STATEMENT |
| Remainder of title |
რომანი |
| 245 ## - TITLE STATEMENT |
| Statement of responsibility, etc. |
სარედ.კოლ.რ.თვარაძე და სხვ.შემდგ.რედ.ჯ.ღვინჯილია.ვ.ჯავახაძე.რედ. ზურაბ ტატიშვილი.მხატვ.დ.დუნდუა,თამაზ შარიფაშვილი |
| 260 ## - PUBLICATION, DISTRIBUTION, ETC. |
| Place of publication, distribution, etc. |
თბილისი |
| 260 ## - PUBLICATION, DISTRIBUTION, ETC. |
| Name of publisher, distributor, etc. |
საქართველო |
| 260 ## - PUBLICATION, DISTRIBUTION, ETC. |
| Date of publication, distribution, etc. |
1998 |
| 300 ## - PHYSICAL DESCRIPTION |
| Extent |
640გვ.20სმ. |
| 653 ## - INDEX TERM--UNCONTROLLED |
| Uncontrolled term |
გმირთა ვარამი |
| 653 ## - INDEX TERM--UNCONTROLLED |
| Uncontrolled term |
ქართული პროზა |
| 942 ## - ADDED ENTRY ELEMENTS (KOHA) |
| Koha item type |
წიგნი |